Guajeraï
| Auteur principal: | Régis Loisel |
|---|---|
| D'autres auteurs: | Olivier Pont |
| Support: | Livres |
| Langue: | Francais |
| Publié: |
2022 Rue de Sèvres Paris |
| Series: |
Putain de salopard (Un) |
| Genre: |
Bandes déssinées ADULTE |
| Sujets: | |
| Étiquettes: |
Ajouter
Pas de Tags !
|
| LEADER | 00585nam0a2200193 450 | ||
|---|---|---|---|
| 001 | 16840685 | ||
| 010 | |a 978-2-8102-0247-8 |d 18 | ||
| 100 | |a 20220807d2022 u u0frey01 ba | ||
| 101 | 0 | |a fre | |
| 102 | |a FR | ||
| 200 | 0 | |a Guajeraï | |
| 207 | 1 | |a | |
| 210 | |a Paris |c Rue de Sèvres |d 2022 | ||
| 461 | 0 | |t Putain de salopard (Un) |v 3 | |
| 700 | 0 | |a Loisel |b Régis |f 1951-.... |4 70 | |
| 702 | 0 | |a Pont |b Olivier |f 1969-.... |4 70 | |
| 900 | |a Bandes déssinées ADULTE | ||
| 901 | |a Accessible au prêt | ||
| 995 | |a Bibliothèque |c Bibliothèque |f 024022903 |h 024022903 |k BDA LOI |o p |q a |r az |e Bibliothèque | ||
